| 000 | 01233pam a2200361 a 4500 | ||
|---|---|---|---|
| 001 | 3786364 | ||
| 003 | OSt | ||
| 005 | 20140310182116.0 | ||
| 008 | 840702s1985 ilua b 001 0 eng | ||
| 010 | _a 84008820 | ||
| 020 | _a0226733580 | ||
| 020 | _a0226733580 (pbk.) | ||
| 040 |
_aDLC _cDLC _dDLC |
||
| 043 | _apo----- | ||
| 050 | 0 | 0 |
_aDU 28.3 _b.Sa24 1987 |
| 082 | 0 | 0 |
_aHS 990 _b.Sa1 1985 |
| 100 | 1 |
_aSahlins, Marshall David, _d1930- _913766 |
|
| 245 | 1 | 0 |
_aIslands of history / _cMarshall Sahlins. |
| 260 |
_aChicago : _bUniversity of Chicago Press, _cc1985. |
||
| 300 |
_axix, 180 p. : _c21 cm. |
||
| 500 | _aIncludes index. | ||
| 504 | _aBibliography | ||
| 541 | _j1 | ||
| 562 | _e1 | ||
| 650 |
_aOceania, _xHistory. _913767 |
||
| 650 |
_aOceania, _xCivilization . _913768 |
||
| 651 | 0 |
_aOceania _xHistory. _913769 |
|
| 856 | 4 | 2 |
_3Contributor biographical information _uhttp://www.loc.gov/catdir/enhancements/fy0609/84008820-b.html |
| 856 | 4 | 2 |
_3Publisher description _uhttp://www.loc.gov/catdir/enhancements/fy0608/84008820-d.html |
| 856 | 4 | 1 |
_3Table of contents only _uhttp://www.loc.gov/catdir/enhancements/fy0608/84008820-t.html |
| 906 |
_a7 _bcbc _corignew _d1 _eocip _f19 _gy-gencatlg |
||
| 942 |
_2lcc _cHS |
||
| 999 |
_c9475 _d9475 |
||